000 01370aam a22004091i 4500
999 _c3124
_d3124
001 020261786
003 Uk
005 20231018144716.0
006 m || d |
007 cr |||||||||||
008 210713s2019 xxk||||jo |||| ||eng
015 _aGBC1F6461
_2bnb
020 _a9781510447578
037 _a9781510448490
_bHachette UK
040 _aUk
_beng
_cUk
_dKH8
041 0 _aeng
_aspa
042 _aukblsr
082 0 4 _a468.242 BAR
_223
100 1 0 _aBarefoot, Simon,
_eauthor.
245 1 0 _aCambridge IGCSE Spanish:
_pStudent book /
_bSimon Barefoot.
250 _aThird edition /
_bSimon Barefoot [and five others].
264 1 _aLondon :
_bHodder Education,
_c2019.
300 _a256 pages
336 _atext
_2rdacontent
337 _acomputer
_2rdamedia
338 _aonline resource
_2rdacarrier
546 _aText in English and Spanish.
650 0 _aSpanish language
_vTextbooks for foreign speakers
_xEnglish.
700 1 _aGarcía Sánchez, José Antonio,
_eauthor.
700 1 _aGuilford, Timothy,
_eauthor.
700 1 _aMorcillo Laiz, Mónica,
_eauthor.
700 1 _aThacker, Mike,
_eauthor.
700 1 _aWeston, Tony,
_d1941-
_eauthor.
884 _aLDL ebooks ONIX to marcxml transformation using Record_Load-eBooks_Legal_Deposit_onix2marc_v2-1.xsl
_g20210713
_kHachetteUK669889
_qUk
942 _2ddc
_cTR